South Eastern Kenya University

Library Online Public Access Catalogue


Fundamentals of organic chemistry / (Record no. 6788)

MARC details
000 -LEADER
fixed length control field 00513cam a2200169 a 4500
020 ## - ISBN
International Standard Book Number 0534352154 (acidfree paper)
050 00 - LIBRARY OF CONGRESS CALL NUMBER
Classification Number QD 251.2
Item Number .M4 1998
100 1# - MAIN ENTRY--Author
Personal name McMurry, John.
245 10 - TITLE
Title Fundamentals of organic chemistry /
Statement of responsibility, etc John McMurry.
250 ## - EDITIONSTATEMENT
Edition statement 4th ed.
260 ## - PUBLICATION, DISTRIBUTION, ETC.(IMPRINT)
Place of publication, distribution, etc Pacific Grove, CA :
Name of publisher, distributor, etc Brooks/Cole Pub. Co.,
Date of publication, distribution, etc c1998.
300 ## - PHYSICAL DESCRIPTION
Extent 566, [50] p. :
500 ## - GENERALNOTE
General note A stereo viewer is bound into the back of the book.
500 ## - GENERALNOTE
General note Includes index.
650 #0 - SUBJECT--TOPIC
Topical term following geographic name as entry element Chemistry, Organic
942 ## - ADDED ENTRY ELEMENTS(KOHA)
Source of classification or shelving scheme Library of Congress Classification
Koha item type General circulation
Holdings
Source of classification or shelving scheme Not for loan Location (home branch) Sublocation (holding branch) Shelving location Date accessioned Full call number Barcode Koha item type Public note
Library of Congress Classification   Main Campus Library Main Campus Library   22/07/2015 QD 251.2 .M4 1998 2015/003961 General circulation smo
Kitui, Kenya.
+254736116989
library@seku.ac.ke